000 00354nam a2200133Ia 4500
008 240624s9999 xx 000 0 und d
041 _aeng
082 _a303.342 KOZ
100 _aKOZICKI STEPHEN
245 _aPERSUADING FOR RESULTS HOW TO BECOME A P
260 _c2013
_aNew Delhi
_bTata McGraw-Hill
300 _a263 : p. : cm. ; 28
365 _cRS
_b33
999 _c25619
_d25619